|
|
|
|
| LEADER |
00000nam0a2200000 4500 |
| 001 |
27139 |
| 005 |
20251029155853.0 |
| 010 |
|
|
|a 5210022382
|
| 035 |
|
|
|a (RuTPU)RU\TPU\book\27388
|
| 035 |
|
|
|a BOOK00027463
|
| 090 |
|
|
|a 27139
|
| 100 |
|
|
|a 20011209d1994 k y0rusy50 ca
|
| 101 |
0 |
|
|a rus
|
| 102 |
|
|
|a RU
|
| 105 |
|
|
|a a z 001zy
|
| 200 |
1 |
|
|a Великая Русь
|a История и художественная культура X-XVII века
|f Д. С. Лихачев [и др.]
|
| 210 |
|
|
|a Москва
|c Искусство
|d 1994
|
| 215 |
|
|
|a 488 с.
|c ил.
|
| 225 |
1 |
|
|a Славяно-византийский свод
|
| 300 |
|
|
|a По благословению Святейшего Патриарха Московского и всея Руси АЛЕКСИЯ II
|
| 320 |
|
|
|a Библиогр.: с. 483-485.
|
| 320 |
|
|
|a Указ. имен: с. 485-488.
|
| 606 |
|
|
|a Россия
|x История
|z 9-17 вв.
|9 81678
|
| 610 |
1 |
|
|a культура
|
| 610 |
1 |
|
|a художественная культура
|
| 610 |
1 |
|
|a искусство
|
| 610 |
1 |
|
|a живопись
|
| 610 |
1 |
|
|a архитектура
|
| 610 |
1 |
|
|a иконопись
|
| 610 |
1 |
|
|a 10 век
|
| 610 |
1 |
|
|a 12 век
|
| 610 |
1 |
|
|a 13 век
|
| 610 |
1 |
|
|a 14 век
|
| 610 |
1 |
|
|a 15 век
|
| 610 |
1 |
|
|a 16 век
|
| 610 |
1 |
|
|a 17 век
|
| 675 |
|
|
|a 7.031.2
|v 3
|
| 686 |
|
|
|a Т3(2)4
|2 rubbk
|
| 686 |
|
|
|a Ч113
|2 rubbk
|
| 701 |
|
1 |
|a Лихачев
|b Д. С.
|c российский литературовед и общественный деятель
|c академик РАН
|f 1906-1999
|g Дмитрий Сергеевич
|3 (RuTPU)RU\TPU\pers\14350
|9 4743
|
| 701 |
|
1 |
|a Вагнер
|b Г. К.
|
| 701 |
|
1 |
|a Вздорнов
|b Г. И.
|
| 701 |
|
1 |
|a Скрынников
|b Р. Г.
|
| 801 |
|
0 |
|a RU
|b 63413507
|c 20011209
|g PSBO
|
| 801 |
|
2 |
|a RU
|b 63413507
|c 20120719
|g RCR
|
| 942 |
|
|
|c BK
|